Nové povinnosti zaměstnavatelů.
Podnikatelia a štátne podniky odmietajú uzatvárať pracovnú zmluvu i na práce, typické pre ich výkon v pracovnoprávnom vzťahu. Právne predpisy neobsahovali do 1.1.1992 možnosti, ako nesprávnemu postupu čeliť. Novela zákona o zamestnanosti s platnosťou od 1.1.1992 priniesla nové povinnosti zamestnávat...
Salvato in:
| Autore principale: | |
|---|---|
| Natura: | Capitolo di libro |
| Lingua: | ceco |
| Soggetti: | |
| Tags: |
Nessun Tag, puoi essere il primo ad aggiungerne!!
|
MARC
| LEADER | 00000naa a2200000 4500 | ||
|---|---|---|---|
| 001 | r008858 | ||
| 005 | 20220831084527.2 | ||
| 041 | 0 | |a cze | |
| 044 | |a [CS] | ||
| 245 | 1 | 0 | |a Nové povinnosti zaměstnavatelů. |c L. Jouza |
| 520 | |a Podnikatelia a štátne podniky odmietajú uzatvárať pracovnú zmluvu i na práce, typické pre ich výkon v pracovnoprávnom vzťahu. Právne predpisy neobsahovali do 1.1.1992 možnosti, ako nesprávnemu postupu čeliť. Novela zákona o zamestnanosti s platnosťou od 1.1.1992 priniesla nové povinnosti zamestnávateľom. Výklad jednotlivých ustanovení. | ||
| 610 | 2 | 0 | |a zamestnávatelia |
| 610 | 2 | 0 | |a podnikatelia |
| 610 | 2 | 0 | |a zmluvy pracovné |
| 610 | 2 | 0 | |a vzťahy pracovnoprávne |
| 610 | 2 | 0 | |a ochrana pracovníkov |
| 610 | 2 | 0 | |a predpisy právne |
| 610 | 2 | 0 | |a zákony |
| 610 | 2 | 0 | |a zamestnanosť |
| 610 | 2 | 0 | |a ČSFR |
| 610 | 2 | 0 | |a 1992 |
| 100 | 1 | |a Jouza, L. | |